| 000 | 03947nkm0a2200589 4500 | ||
|---|---|---|---|
| 001 | RU\NLR\BIBL_A\022623131 | ||
| 005 | 20260204000000.0 | ||
| 020 |
_aRU _b45-1433 (1945, № 2) _9Летопись изоизданий / ВКП. - Москва, 1945. - Вып. 1945, № 2. - С. 42 |
||
| 035 | _a(NLR Aleph) 022623131 | ||
| 071 | 5 | 0 |
_a88 _d8 коп. |
| 090 |
_a89045 _c89045 |
||
| 100 | _a20250916d1945 u y0rusy50 ca | ||
| 101 | 0 | _arus | |
| 102 | _aRU | ||
| 116 | _aiiycxx bi ae | ||
| 135 | _acrcn 024anaba | ||
| 181 | 0 |
_ab4 _bxb2e |
|
| 182 | 0 | _an | |
| 200 | 1 |
_a[Красноармеец, читающий книгу товарища Сталина "О Великой Отечественной войне Советского Союза" _eзакрытое письмо] _fхуд. П. Мальцев |
|
| 203 |
_aИзображение _bнеподвижное _bдвухмерное _bвизуальное _cнепосредственное |
||
| 210 |
_a[Москва] _c"Советский график" Всекохудожника по зак. Моск. к-ры Главбумсбыта _d[1945] |
||
| 215 |
_a1 л. (слож. вдвое) _cцв. литогр. _d14,4х19,4 (14,4х9,7) |
||
| 300 | _aЗагл. и дата публикации установлены по: Летопись изобразительного искусства. 1945. № 2. № 1433 | ||
| 300 | _aНа закрытом письме также текст: Смерть немецким захватчикам! | ||
| 300 | _aЗаказчик - Московская контора Главного управления по сбыту продукции целлюлозно-бумажной промышленности Народного комиссариата целлюлозной и бумажной промышленности | ||
| 300 | _aЦенз. разрешение: А 16284 | ||
| 301 | _aИзд. номер: № 88 | ||
| 309 | _aДвойной формуляр, без клеевой полосы | ||
| 325 | _aКопия доступна в Электрон. б-ке РНБ | ||
| 604 |
_1700#1$aСталин$bИ. В.$gИосиф Виссарионович$f1879 - 1953 _1500##$a"О Великой Отечественной войне Советского Союза"$jОткрытки$2nlr_sh1$2nlr_sh2$3RU\NLR\AUTH\66826632 |
||
| 606 | 1 |
_aПочтовые открытки маркированные художественные _yСССР _z1941 - 1945 _2nlr_sh2 _3RU\NLR\AUTH\661531868 |
|
| 606 | 1 |
_aАвтоматчики (воен.) _jОткрытки _2nlr_sh1 _3RU\NLR\AUTH\6685548 |
|
| 610 | 1 | _aЗакрытые письма | |
| 686 | 1 | _aЩ153(2)7-489 | |
| 700 | 1 |
_aМальцев _bП. Т. _f1907-1993 _gПетр Тарасович _4040 |
|
| 712 | 0 | 1 |
_aСССР _bГлавное управление по сбыту продукции целлюлозно-бумажной промышленности _bМосковская контора _3RU\NLR\AUTH\880618212 _4570 |
| 712 | 0 | 2 |
_a"Советский график", всероссийское товарищество художников-графиков _3RU\NLR\AUTH\880618204 _4650 |
| 830 | _aТехника печати - см. Летопись изоизданий. АЯ ОЭФ | ||
| 852 | 0 | 0 |
_aNLR _bЭ _jО-ЗП-3/1945-М _mЭот100987 |
| 852 | 0 | 0 |
_aNLR _bЭ _jО-ЗП-3/1945-М _mЭот100988 |
| 856 | 0 | _uhttps://vivaldi.nlr.ru/lo500003988/view | |
| 856 | 1 | _uhttps://vivaldi.nlr.ru/lo500003988/cover | |
| 856 | 2 | _uhttps://vivaldi.nlr.ru/lo500003988/text | |
| 942 | _cVISUAL | ||
| 945 | _aРоссийская национальная библиотека | ||
| 980 | _aNB | ||
| 980 | _aBV | ||
| 981 | 1 | 7 |
_a(17) Изографические материалы _b(17) Открытки |